[Event "GER-chT Youth Countries 2018"]
[Site "Wurzburg"]
[Date "2018.10.03"]
[Round "2"]
[White "Koelle, Tobias"]
[Black "Garbuz, Vitaliy"]
[Result "1-0"]
[WhiteElo "2125"]
[BlackElo "2182"]
[Annotator "NA"]
[PlyCount "83"]
[EventDate "2018.10.02"]
[EventType "team-tourn"]
[EventCountry "GER"]
[SourceTitle "playchess.com"]
[Source "ChessBase"]
[SourceQuality "1"]
[TimeControl "40/5400+30:1800+30"]

1. d4 {[%emt 0:00:00]} d5 {[%emt 0:00:00]} 2. c4 {[%emt 0:00:00]} c6 {[%emt 0:00:00]} 3. Nf3 {[%emt 0:00:00]} Nf6 {[%emt 0:00:00]} 4. e3 {[%emt 0:00:12]} Bf5 {[%emt 0:00:00]} 5. Nc3 {[%emt 0:00:41]} a6 {[%emt 0:00:00]} 6. Bd3 {[%emt 0:02:56]} Bg6 {[%emt 0:00:29]} 7. O-O {[%emt 0:00:44]} e6 {[%emt 0:00:22]} 8. b3 {[%emt 0:01:00]} Nbd7 {[%emt 0:00:32]} 9. Bb2 {[%emt 0:00:21]} Bd6 {[%emt 0:00:09]} 10. Re1 {[%emt 0:05:18]} b5 {[%emt 0:03:47]} 11. e4 {[%emt 0:03:42]} b4 {[%emt 0:00:44]} 12. Nxd5 {[%emt 0:13:32]} cxd5 {[%emt 0:14:38]} 13. e5 {[%emt 0:00:41]} Bxd3 {[%emt 0:02:11]} 14. Qxd3 {[%emt 0:00:24]} Bc7 {[%emt 0:08:59]} 15. exf6 {[%emt 0:00:13]} Nxf6 {[%emt 0:00:08]} 16. Ne5 {[%emt 0:02:50]} O-O {[%emt 0:01:11]} 17. Rad1 {[%emt 0:08:08]} a5 {[%emt 0:00:54]} 18. Bc1 {[%emt 0:01:00]} Ne4 {[%emt 0:01:39]} 19. Re3 {[%emt 0:17:04]} Bxe5 {[%emt 0:12:42]} 20. dxe5 {[%emt 0:00:46]} Nc3 {[%emt 0:04:00]} 21. Rh3 {[%emt 0:02:22]} f5 {[%emt 0:03:25]} 22. exf6 {[%emt 0:03:38]} g6 {[%emt 0:07:46]} 23. Re1 {[%emt 0:08:02]} Qxf6 {[%emt 0:06:05]} 24. Rf3 {[%emt 0:00:48]} Qh4 {[%emt 0:00:19]} 25. Rxf8+ {[%emt 0:01:40]} Rxf8 {[%emt 0:00:13]} 26. Qe3 {[%emt 0:03:00]} dxc4 {[%emt 0:05:25]} 27. Qxe6+ {[%emt 0:00:48]} Kh8 {[%emt 0:01:05]} 28. Be3 {[%emt 0:02:55]} Qe4 {[%emt 0:04:54]} 29. Qxe4 {[%emt 0:00:42]} Nxe4 {[%emt 0:00:02]} 30. Bd4+ {[%emt 0:00:17]} Nf6 {[%emt 0:00:07]} 31. Re6 {[%emt 0:00:43]} Kg7 {[%emt 0:00:09]} 32. g4 {[%emt 0:00:48]} g5 {[%emt 0:03:16]} 33. f4 {[%emt 0:00:45]} h6 {[%emt 0:00:33]} 34. h4 {[%emt 0:01:22]} gxh4 {[%emt 0:01:14]} 35. g5 {[%emt 0:00:07]} hxg5 {[%emt 0:00:02]} 36. fxg5 {[%emt 0:00:07]} c3 {[%emt 0:00:12]} 37. Rxf6 {[%emt 0:02:25]} Rxf6 {[%emt 0:01:54]} 38. gxf6+ {[%emt 0:00:43]} Kg6 {[%emt 0:00:06]} 39. Kg2 {[%emt 0:00:12]} c2 {[%emt 0:00:31]} 40. Bb2 {[%emt 0:00:05]} c1=Q {[%emt 0:00:24]} 41. Bxc1 {[%emt 0:30:05]} Kxf6 {[%emt 0:30:16]} 42. Be3 {[%emt 0:00:04]} 1-0

[Event "GER-chT Youth Countries 2018"]
[Site "Wurzburg"]
[Date "2018.10.03"]
[Round "2"]
[White "Gressmann, Moritz"]
[Black "Engel, Robert"]
[Result "1-0"]
[WhiteElo "2106"]
[BlackElo "2059"]
[Annotator "TA"]
[PlyCount "111"]
[EventDate "2018.10.02"]
[EventType "team-tourn"]
[EventCountry "GER"]
[SourceTitle "playchess.com"]
[Source "ChessBase"]
[SourceQuality "1"]

{[%evp 19,111,0,0,0,0,0,0,-19,-15,-24,-13,-56,-55,-33,-39,-65,-65,-72,-33,-70,-70,-47,57,72,57,45,54,37,73,54,48,56,49,38,40,31,56,56,42,-339,48,43,44,59,52,62,59,36,22,13,68,44,60,40,26,0,43,35,31,26,27,21,24,0,10,0,0,0,0,-21,26,26,28,28,61,70,157,92,114,33,114,34,148,148,148,148,284,284,1461,1311,1998,1945,5210,5165]} 1. e4 c5 2. Nf3 d6 3. Bb5+ Nd7 4. O-O a6 5. Bxd7+ Bxd7 6. d4 cxd4 7. Qxd4 Nf6 8. c4 {B51: Sicilian: Moscow Variation (3 Bb5+) without 3...Bd7} (8. Bg5 e6 9. Rd1 Bc6 10. Nc3 Be7 11. Bh4 O-O 12. e5 dxe5 13. Nxe5 Qxd4 14. Rxd4 Rfc8 15. Rc1 Be8 16. Ng4 {½-½ (82) Grandelius,N (2647)-Wang,H (2711) Caleta 2018}) 8... g6 9. Nc3 Bg7 10. Bg5 O-O {LiveBook: 10 Games} 11. Rac1 Be6 $146 ({Predecessor:} 11... b5 12. cxb5 axb5 13. a3 Bc6 14. Qd3 Qb6 {0-1 (58) Sivarajasingam,S (1780)-Salmons,C (1923) Hull 2018}) 12. Qd3 b5 13. cxb5 axb5 14. Qxb5 Bxa2 15. Ra1 Be6 16. Nd4 Bd7 17. Rxa8 Qxa8 18. Qd3 Re8 19. Bxf6 Bxf6 20. Nd5 Bg7 (20... Qb7 $15) 21. Nc7 $1 $36 {[%csl LRa8,LRe8][%mdl 2048] White is really pushing.} Qa7 22. Nxe8 Bxd4 23. Nc7 $1 Bxb2 24. Nd5 e6 25. Ne3 Bd4 26. Nc2 Bc5 27. Kh1 Qb7 28. f3 Qb2 {And now ...Bb5 would win.} 29. Ra1 $2 {[%mdl 8192] [#]} (29. Ne3 $14) 29... Bb5 $2 (29... Ba4 $1 $19 {[%mdl 512]} 30. Qd2 (30. Rxa4 Qc1+) 30... Bxc2) 30. Qd1 Qc3 31. Ra8+ Kg7 32. Qa1 Qxa1+ 33. Rxa1 {[%mdl 4096] Endgame KRN-KB} Kf6 34. g3 Bc6 (34... g5 $11) 35. Rc1 Bb5 36. Ne1 Ke5 37. Kg2 f5 38. exf5 Kxf5 39. Rb1 Bc4 40. Rb7 h5 41. Rc7 e5 42. Nc2 {Threatens to win with Rxc5!} Bd3 43. Na1 Bc4 44. Rb7 d5 45. Nb3 Be3 46. Na5 Bd3 47. Nc6 d4 (47... Bc4 $14) 48. Re7 ({White should try} 48. Rb6 $1 h4 49. gxh4) 48... e4 49. Re5+ Kf6 50. fxe4 (50. Rd5 $1 $16) 50... Be2 (50... Bc2 $14) 51. Rd5 $16 d3 {aiming for ...d2.} 52. Rd6+ Kf7 {[#]} (52... Kg7 $16 {was worth a try.}) 53. e5 $1 $18 {[%cal Be4e5,Be5e6][%mdl 32] White threatens e6+ and mate.} Bc5 $2 {[#]} (53... Ke8 54. e6 (54. Rxg6 $2 d2 $19) 54... Bg5) 54. e6+ $1 {White is clearly winning.} Kg7 55. e7 Kf7 {[#]} 56. Rf6+ $1 {[%mdl 512] Precision: White = 52%, Black = 40%.} 1-0

[Event "GER-chT Youth Countries 2018"]
[Site "Wurzburg"]
[Date "2018.10.03"]
[Round "2"]
[White "Burian, Simon"]
[Black "Faerber, David"]
[Result "0-1"]
[WhiteElo "2091"]
[BlackElo "2291"]
[Annotator "TA"]
[PlyCount "119"]
[EventDate "2018.10.02"]
[EventType "team-tourn"]
[EventCountry "GER"]
[SourceTitle "playchess.com"]
[Source "ChessBase"]
[SourceQuality "1"]

{[%evp 22,119,16,8,78,24,25,0,11,-86,-89,-103,-45,-39,-39,-29,-23,-55,-47,-113,-107,-115,-73,-72,-66,-172,-148,-162,-172,-165,-128,-165,-169,-167,-162,-175,-179,-165,-170,-174,-162,-170,-154,-206,-202,-196,-196,-222,-157,-225,-209,-303,-298,-279,-311,-390,-381,-348,-333,-314,-240,-512,-515,-497,-443,-431,-288,-414,-394,-387,-358,-546,-474,-769,-778,-766,-738,-940,-941,-2247,-2059,-1953,-1918,-2190,-1066,-29975,-29976,-29974,-29969,-6966,-7222,-29982,-29983,-29983,-29984,-29984,-29985,-29985,-29986,-29986]} 1. e4 c6 2. d4 d5 3. Nc3 dxe4 4. Nxe4 Bf5 5. Ng3 Bg6 6. h4 h6 7. Nf3 e6 8. Ne5 Bh7 9. Bd3 Bxd3 10. Qxd3 Nd7 {B19: Caro-Kann (Hauptvariante)} 11. Qe2 (11. f4 Be7 12. Bd2 Nxe5 13. fxe5 Bxh4 14. O-O-O Bxg3 15. Qxg3 Ne7 16. Qxg7 Rg8 17. Qf6 Nf5 18. Bxh6 Qxf6 19. exf6 {½-½ (32) Hou,Y (2680)-Karjakin,S (2753) Wijk aan Zee 2018}) 11... Ngf6 12. Bd2 {LiveBook: 15 Partien} Bd6 {[#]} (12... Qc7 $11 {hält das Gleichgewicht.}) 13. O-O-O (13. Nf5 $1 $16 {[%cal Rf5d6]} Bf8 14. c4) 13... Qc7 $11 {[%cal Rd7e5]} 14. f4 $146 ({Vorgänger:} 14. Rhe1 O-O 15. f4 c5 16. Nxd7 Nxd7 17. dxc5 Bxf4 18. Nh5 Bxd2+ 19. Qxd2 Nxc5 {0-1 (39) Zila,L (2245)-Medvegy,Z (2540) Hungary 2015}) 14... O-O 15. Nf1 (15. Kb1 $11) 15... c5 $17 16. dxc5 Bxe5 (16... Nxc5 $17 {zielt auf ...Sce4 ab.} 17. Ng3 Nd5) 17. fxe5 $15 Qxe5 18. Qxe5 Nxe5 19. Bc3 Neg4 {Droht stark ...Sf2.} 20. Rd4 (20. Re1 $15) 20... Rfc8 $17 21. Bb4 Nf2 22. Rg1 N2e4 23. Rc4 (23. g4 $15) 23... b5 $36 {[%mdl 2048] Schwarz ist am Drücker.} 24. Rd4 a5 25. Be1 h5 26. Ng3 Nxg3 27. Bxg3 Rxc5 28. Rgd1 Nd5 29. Bf2 Rac8 30. R1d2 Kh7 31. Kd1 Rc4 32. c3 (32. Rxc4 $17 Rxc4 33. Rd4) 32... Kg6 $19 33. R2d3 f6 34. Kd2 Kf7 35. Bg3 (35. Rxc4 $17 {war nötig.} Rxc4 36. a3) 35... R8c6 36. Bh2 (36. Rxc4 {ist eine bessere Verteidigung.} Rxc4 37. Be1) 36... b4 37. Rxc4 Rxc4 38. Rd4 bxc3+ 39. bxc3 Rxd4+ 40. cxd4 {[%mdl 4096] Endspiel KL-KS} Ke7 41. a3 $2 (41. a4) 41... Kd7 42. Kd3 Kc6 43. Bg3 Nb6 44. Bb8 (44. Be1 $142 Kb5 45. Bd2) 44... g6 45. Bf4 {[#]} a4 $1 46. Bb8 (46. Bg3 $142 Kd5 47. Be1) 46... Kd5 47. Bf4 (47. Kc3 $142 Nc4 48. Kb4) 47... Nc4 48. Bc1 Nd6 49. Kc3 Nf5 50. Kb4 Nxh4 51. g3 Nf5 52. Bf4 Kxd4 (52... g5 $142 53. Bb8 Nxd4) 53. Kxa4 e5 54. Bd2 Nxg3 55. Kb5 Ne4 56. a4 Nxd2 {Schwarz setzt Matt.} 57. a5 Nc4 58. a6 Nd6+ 59. Kc6 Nc8 60. Kb7 {Precision: Weiß = 23%, Schwarz = 70%.} 0-1

[Event "GER-chT Youth Countries 2018"]
[Site "Wurzburg"]
[Date "2018.10.03"]
[Round "2"]
[White "Philipp, Mathias"]
[Black "Troyke, Jannis"]
[Result "1-0"]
[WhiteElo "2076"]
[BlackElo "1924"]
[Annotator "NA"]
[PlyCount "51"]
[EventDate "2018.10.02"]
[EventType "team-tourn"]
[EventCountry "GER"]
[SourceTitle "playchess.com"]
[Source "ChessBase"]
[SourceQuality "1"]
[TimeControl "40/5400+30:1800+30"]

1. e4 {[%emt 0:00:00]} c5 {[%emt 0:00:00]} 2. b3 {[%emt 0:00:00]} Nc6 {[%emt 0:01:17]} 3. Bb2 {[%emt 0:00:00]} Nf6 {[%emt 0:04:30]} 4. e5 {[%emt 0:00:00]} Nd5 {[%emt 0:00:07]} 5. Nf3 {[%emt 0:00:11]} e6 {[%emt 0:05:26]} 6. g3 {[%emt 0:00:12]} Be7 {[%emt 0:01:45]} 7. Bg2 {[%emt 0:02:23]} O-O {[%emt 0:03:25]} 8. O-O {[%emt 0:00:06]} f6 {[%emt 0:00:11]} 9. exf6 {[%emt 0:04:39]} Bxf6 {[%emt 0:00:10]} 10. d4 {[%emt 0:00:55]} cxd4 {[%emt 0:04:00]} 11. Nxd4 {[%emt 0:00:10]} Qb6 {[%emt 0:00:15]} 12. Bxd5 {[%emt 0:08:11]} Nxd4 {[%emt 0:00:06]} 13. c3 {[%emt 0:00:27]} Nc6 {[%emt 0:26:50]} 14. Bg2 {[%emt 0:02:26]} Qc7 {[%emt 0:09:32]} 15. Nd2 {[%emt 0:01:38]} b6 {[%emt 0:06:01]} 16. Ne4 {[%emt 0:01:41]} Be7 {[%emt 0:00:10]} 17. c4 {[%emt 0:01:27]} Bb7 {[%emt 0:05:49]} 18. f4 {[%emt 0:10:42]} Rad8 {[%emt 0:10:21]} 19. Qg4 {[%emt 0:03:34]} g6 {[%emt 0:00:20]} 20. Rad1 {[%emt 0:01:42]} Nb4 {[%emt 0:05:44]} 21. Be5 {[%emt 0:04:29]} Qc6 {[%emt 0:03:15]} 22. Nf6+ {[%emt 0:02:56]} Bxf6 {[%emt 0:00:13]} 23. Bxc6 {[%emt 0:00:13]} Bxc6 {[%emt 0:00:15]} 24. Bxf6 {[%emt 0:04:38]} Rxf6 {[%emt 0:00:06]} 25. a3 {[%emt 0:00:41]} Na6 {[%emt 0:00:49]} 26. b4 {[%emt 0:00:53]} 1-0

[Event "GER-chT Youth Countries 2018"]
[Site "Wurzburg"]
[Date "2018.10.03"]
[Round "2"]
[White "Lesny, Florian"]
[Black "Ley, Sabrina"]
[Result "1-0"]
[WhiteElo "2073"]
[BlackElo "1902"]
[Annotator "NA"]
[PlyCount "71"]
[EventDate "2018.10.02"]
[EventType "team-tourn"]
[EventCountry "GER"]
[SourceTitle "playchess.com"]
[Source "ChessBase"]
[SourceQuality "1"]
[TimeControl "40/5400+30:1800+30"]

1. e4 {[%emt 0:00:00]} d5 {[%emt 0:00:00]} 2. exd5 {[%emt 0:00:00]} Qxd5 {[%emt 0:00:00]} 3. Nc3 {[%emt 0:00:00]} Qd6 {[%emt 0:00:00]} 4. d4 {[%emt 0:00:14]} Nf6 {[%emt 0:00:04]} 5. Nf3 {[%emt 0:00:21]} a6 {[%emt 0:00:05]} 6. Bd3 {[%emt 0:00:40]} Bg4 {[%emt 0:01:09]} 7. h3 {[%emt 0:01:29]} Bh5 {[%emt 0:01:12]} 8. Be3 {[%emt 0:03:59]} Nc6 {[%emt 0:00:30]} 9. g4 {[%emt 0:03:41]} Bg6 {[%emt 0:03:16]} 10. Qe2 {[%emt 0:05:30]} Bxd3 {[%emt 0:03:00]} 11. Qxd3 {[%emt 0:00:38]} O-O-O {[%emt 0:02:26]} 12. O-O-O {[%emt 0:03:35]} e6 {[%emt 0:04:32]} 13. Kb1 {[%emt 0:05:20]} Kb8 {[%emt 0:02:10]} 14. Qe2 {[%emt 0:04:11]} Nd5 {[%emt 0:08:22]} 15. Ne4 {[%emt 0:04:26]} Qb4 {[%emt 0:11:13]} 16. c3 {[%emt 0:01:37]} Qb6 {[%emt 0:08:39]} 17. c4 {[%emt 0:02:34]} Nxe3 {[%emt 0:02:14]} 18. fxe3 {[%emt 0:00:18]} f6 {[%emt 0:03:56]} 19. c5 {[%emt 0:05:28]} Qa5 {[%emt 0:05:13]} 20. Rd3 {[%emt 0:10:51]} Nb4 {[%emt 0:13:10]} 21. Ra3 {[%emt 0:01:25]} Qb5 {[%emt 0:00:07]} 22. Qd1 {[%emt 0:04:21]} Qc6 {[%emt 0:05:28]} 23. Ned2 {[%emt 0:00:52]} e5 {[%emt 0:05:57]} 24. Rb3 {[%emt 0:01:50]} Nd5 {[%emt 0:02:16]} 25. Nc4 {[%emt 0:01:01]} b6 {[%emt 0:06:57]} 26. Qe2 {[%emt 0:06:58]} Ka7 {[%emt 0:02:23]} 27. cxb6+ {[%emt 0:01:44]} cxb6 {[%emt 0:04:35]} 28. dxe5 {[%emt 0:05:24]} b5 {[%emt 0:03:12]} 29. Na3 {[%emt 0:04:41]} Bxa3 {[%emt 0:01:04]} 30. Rxa3 {[%emt 0:00:23]} fxe5 {[%emt 0:00:07]} 31. Rc1 {[%emt 0:01:30]} Qb6 {[%emt 0:01:10]} 32. Nxe5 {[%emt 0:02:55]} Rc8 {[%emt 0:00:28]} 33. Rd1 {[%emt 0:01:37]} Rhd8 {[%emt 0:00:29]} 34. Rad3 {[%emt 0:02:05]} Nf6 {[%emt 0:00:43]} 35. Rxd8 {[%emt 0:00:36]} Rxd8 {[%emt 0:00:07]} 36. Rxd8 {[%emt 0:00:11]} 1-0

[Event "GER-chT Youth Countries 2018"]
[Site "Wurzburg"]
[Date "2018.10.03"]
[Round "2"]
[White "Schulze, Lara"]
[Black "Huber, Benedikt"]
[Result "1-0"]
[WhiteElo "2066"]
[BlackElo "2116"]
[Annotator "NA"]
[PlyCount "45"]
[EventDate "2018.10.02"]
[EventType "team-tourn"]
[EventCountry "GER"]
[SourceTitle "playchess.com"]
[Source "ChessBase"]
[SourceQuality "1"]
[TimeControl "40/5400+30:1800+30"]

1. e4 {[%emt 0:00:00]} c5 {[%emt 0:00:00]} 2. Nf3 {[%emt 0:00:00]} e6 {[%emt 0:00:00]} 3. d4 {[%emt 0:00:00]} cxd4 {[%emt 0:00:01]} 4. Nxd4 {[%emt 0:00:00]} Nc6 {[%emt 0:00:55]} 5. Nc3 {[%emt 0:00:00]} Qc7 {[%emt 0:00:17]} 6. Be3 {[%emt 0:00:10]} a6 {[%emt 0:00:48]} 7. Qf3 {[%emt 0:00:11]} d6 {[%emt 0:01:49]} 8. Nxc6 {[%emt 0:00:09]} Qxc6 {[%emt 0:01:17]} 9. g4 {[%emt 0:00:27]} Be7 {[%emt 0:03:46]} 10. g5 {[%emt 0:05:42]} h6 {[%emt 0:06:47]} 11. h4 {[%emt 0:01:19]} b5 {[%emt 0:06:43]} 12. a3 {[%emt 0:01:12]} Bb7 {[%emt 0:04:47]} 13. O-O-O {[%emt 0:03:33]} Rc8 {[%emt 0:06:10]} 14. Rg1 {[%emt 0:06:21]} hxg5 {[%emt 0:02:40]} 15. hxg5 {[%emt 0:00:48]} Bd8 {[%emt 0:14:21]} 16. Qg3 {[%emt 0:08:07]} Bc7 {[%emt 0:07:32]} 17. g6 {[%emt 0:06:48]} f6 {[%emt 0:01:23]} 18. Bh3 {[%emt 0:05:20]} Kd7 {[%emt 0:20:58]} 19. Nd5 {[%emt 0:08:07]} Re8 {[%emt 0:01:56]} 20. Nxc7 {[%emt 0:12:26]} Kxc7 {[%emt 0:00:16]} 21. Rd3 {[%emt 0:03:34]} Kb8 {[%emt 0:04:07]} 22. Rxd6 {[%emt 0:00:51]} Qc7 {[%emt 0:05:25]} 23. Bb6 {[%emt 0:02:03]} 1-0

[Event "GER-chT Youth Countries 2018"]
[Site "Wurzburg"]
[Date "2018.10.03"]
[Round "2"]
[White "Musiolik, David"]
[Black "Bluhm, Sonja Maria"]
[Result "1/2-1/2"]
[WhiteElo "2057"]
[BlackElo "2281"]
[Annotator "TA"]
[PlyCount "130"]
[EventDate "2018.10.02"]
[EventType "team-tourn"]
[EventCountry "GER"]
[SourceTitle "playchess.com"]
[Source "ChessBase"]
[SourceQuality "1"]

{[%evp 22,130,27,36,74,68,60,0,9,-9,0,-31,-31,-37,-38,-35,-44,-82,-47,-79,-49,-40,-9,-58,0,0,0,0,0,0,0,-24,0,0,0,0,0,-58,-60,-48,-42,-47,-46,-98,-93,-100,-43,-72,-72,-72,-78,-97,-24,-32,-29,-77,0,0,0,-87,-68,-150,-72,-85,-39,-39,-40,-36,0,0,0,0,0,0,0,0,0,0,0,0,0,0,0,0,0,0,0,-8,-8,-8,0,0,0,0,0,0,0,0,0,0,0,0,0,0,0,0,0,0,0,0,0]} 1. e4 c5 2. Nf3 Nc6 3. d4 cxd4 4. Nxd4 Nf6 5. Nc3 e6 6. Ndb5 Bc5 7. Bf4 O-O {B45: Sicilian Four Knights} 8. Bc7 Qe7 9. Bd6 Bxd6 10. Qxd6 Qd8 11. O-O-O a6 12. Nd4 $1 {LiveBook: 41 Games} Nxd4 13. Qxd4 b5 {[#]} 14. Be2 $146 (14. e5 $14 Ne8 15. Bd3) ({Predecessor:} 14. e5 Ne8 15. f4 {1-0 (51) Guliyev,N (2580)-Mayer,P (2330) Le Port Marly 2013}) 14... Bb7 $11 15. e5 Nd5 16. Bf3 {[%cal Rc3d5]} Nxc3 17. Qxc3 Rc8 18. Qd3 Bxf3 19. gxf3 Qc7 20. f4 f6 21. Rd2 Rcd8 22. Re1 Qa5 (22... fxe5 $15 23. Rxe5 Qa5) 23. a3 fxe5 24. Rxe5 Qc7 25. Qd4 Rf6 26. f5 {Hoping for fxe6.} Rxf5 27. Rxf5 exf5 {[%mdl 4096] Endgame KQR-KQR} 28. Qd5+ Kh8 29. Qxf5 (29. Qd6 $11 Qc4 30. c3) 29... Qxh2 $15 30. f4 $1 Qh1+ 31. Rd1 Qc6 32. Rd5 ({White should try} 32. Qf7 $15) 32... h6 33. Kb1 d6 ({Better is} 33... Kg8 $17 34. Qd3 Qc4) 34. Qd3 Qc4 35. Qxc4 bxc4 $17 {KR-KR} 36. Kc1 Kh7 (36... Kg8 $17) 37. Kd2 $11 Kg6 38. Kc3 Kf6 (38... Rc8 $17) 39. Kxc4 Ke6 {next ...Rc8+ is good for Black.} 40. Rd2 {[#]} (40. Rh5 $11 {keeps the balance.}) 40... Kf5 $1 $17 41. Rf2 {[#]} (41. Rd4 $1 $15) 41... h5 (41... Ke4 $142 $1 42. f5 h5) 42. Rg2 Rd7 {aiming for ...h4.} 43. Rg5+ Kxf4 44. Rxh5 Rc7+ 45. Kd3 {The position is equal.} g5 46. Rh6 Rc6 47. c4 g4 48. b4 g3 49. Kd4 g2 50. Rg6 Kf3 51. Rf6+ Ke2 52. Re6+ Kf2 53. Rf6+ Kg1 54. b5 axb5 55. cxb5 Rc2 56. a4 Ra2 57. Kd5 Rxa4 58. Kxd6 Kh2 59. Rg6 g1=Q 60. Rxg1 Kxg1 $11 {KR-KP} 61. b6 Rb4 62. Kc7 Rc4+ 63. Kd7 Kf2 64. b7 Rb4 65. Kc7 Kf1 {Precision: White = 67%, Black = 54%.} 1/2-1/2

[Event "GER-chT Youth Countries 2018"]
[Site "Wurzburg"]
[Date "2018.10.03"]
[Round "2"]
[White "Joeres, Stefan"]
[Black "Urban, Konstantin"]
[Result "0-1"]
[WhiteElo "2039"]
[BlackElo "2279"]
[Annotator "NA"]
[PlyCount "66"]
[EventDate "2018.10.02"]
[EventType "team-tourn"]
[EventCountry "GER"]
[SourceTitle "playchess.com"]
[Source "ChessBase"]
[SourceQuality "1"]
[TimeControl "40/5400+30:1800+30"]

1. e4 {[%emt 0:00:00]} c5 {[%emt 0:00:00]} 2. Nf3 {[%emt 0:00:00]} d6 {[%emt 0:00:00]} 3. d4 {[%emt 0:00:00]} cxd4 {[%emt 0:00:00]} 4. Nxd4 {[%emt 0:00:00]} Nf6 {[%emt 0:00:00]} 5. Nc3 {[%emt 0:00:00]} a6 {[%emt 0:00:08]} 6. a3 {[%emt 0:00:00]} g6 {[%emt 0:04:46]} 7. Be2 {[%emt 0:00:26]} Bg7 {[%emt 0:00:23]} 8. Be3 {[%emt 0:00:05]} O-O {[%emt 0:00:29]} 9. O-O {[%emt 0:00:31]} Bd7 {[%emt 0:03:45]} 10. f4 {[%emt 0:02:03]} Nc6 {[%emt 0:00:40]} 11. Nxc6 {[%emt 0:01:28]} Bxc6 {[%emt 0:00:08]} 12. Bf3 {[%emt 0:00:06]} Qc7 {[%emt 0:01:42]} 13. a4 {[%emt 0:06:55]} Qa5 {[%emt 0:14:20]} 14. Nd5 {[%emt 0:03:33]} Nxd5 {[%emt 0:07:24]} 15. exd5 {[%emt 0:00:22]} Bxa4 {[%emt 0:03:33]} 16. b3 {[%emt 0:07:14]} Qc3 {[%emt 0:00:12]} 17. Rxa4 {[%emt 0:00:12]} Qxe3+ {[%emt 0:00:05]} 18. Kh1 {[%emt 0:00:04]} b5 {[%emt 0:07:58]} 19. Re4 {[%emt 0:00:52]} Qa7 {[%emt 0:00:03]} 20. Qe2 {[%emt 0:00:55]} Bf6 {[%emt 0:00:54]} 21. g4 {[%emt 0:02:48]} h6 {[%emt 0:01:32]} 22. Rg1 {[%emt 0:00:33]} Qc7 {[%emt 0:04:41]} 23. Rg2 {[%emt 0:04:13]} Kg7 {[%emt 0:05:21]} 24. Re3 {[%emt 0:15:00]} Rfb8 {[%emt 0:02:43]} 25. g5 {[%emt 0:04:31]} hxg5 {[%emt 0:00:07]} 26. fxg5 {[%emt 0:00:04]} Be5 {[%emt 0:00:09]} 27. Be4 {[%emt 0:00:05]} Rh8 {[%emt 0:10:06]} 28. Rf3 {[%emt 0:02:04]} Raf8 {[%emt 0:05:19]} 29. Qf1 {[%emt 0:04:13]} Rh4 {[%emt 0:01:53]} 30. Rgf2 {[%emt 0:04:38]} f5 {[%emt 0:00:56]} 31. gxf6+ {[%emt 0:00:05]} exf6 {[%emt 0:00:21]} 32. Bd3 {[%emt 0:00:32]} Rfh8 {[%emt 0:00:22]} 33. h3 {[%emt 0:02:23]} Qd7 {[%emt 0:04:20]} 0-1

[Event "GER-chT Youth Countries 2018"]
[Site "Wurzburg"]
[Date "2018.10.03"]
[Round "2"]
[White "Fromm, Marius"]
[Black "Nguyen, Huy Dat"]
[Result "1/2-1/2"]
[WhiteElo "2022"]
[BlackElo "2194"]
[Annotator "NA"]
[PlyCount "62"]
[EventDate "2018.10.02"]
[EventType "team-tourn"]
[EventCountry "GER"]
[SourceTitle "playchess.com"]
[Source "ChessBase"]
[SourceQuality "1"]
[TimeControl "40/5400+30:1800+30"]

1. Nf3 {[%emt 0:00:00]} g6 {[%emt 0:00:00]} 2. c4 {[%emt 0:00:12]} Bg7 {[%emt 0:00:00]} 3. Nc3 {[%emt 0:00:32]} e5 {[%emt 0:00:17]} 4. g3 {[%emt 0:01:24]} d6 {[%emt 0:00:11]} 5. Bg2 {[%emt 0:00:07]} f5 {[%emt 0:00:10]} 6. O-O {[%emt 0:01:36]} Nf6 {[%emt 0:00:08]} 7. d4 {[%emt 0:00:36]} e4 {[%emt 0:06:34]} 8. Ng5 {[%emt 0:01:33]} h6 {[%emt 0:02:12]} 9. Nh3 {[%emt 0:00:05]} O-O {[%emt 0:04:40]} 10. f3 {[%emt 0:07:08]} exf3 {[%emt 0:05:27]} 11. Bxf3 {[%emt 0:02:43]} Nc6 {[%emt 0:01:37]} 12. e3 {[%emt 0:02:38]} Ne7 {[%emt 0:06:05]} 13. Nf4 {[%emt 0:03:43]} g5 {[%emt 0:02:55]} 14. Nfd5 {[%emt 0:03:04]} Nexd5 {[%emt 0:04:10]} 15. Nxd5 {[%emt 0:01:29]} c6 {[%emt 0:01:08]} 16. Nc3 {[%emt 0:02:02]} Bd7 {[%emt 0:04:21]} 17. Bd2 {[%emt 0:12:44]} Qc7 {[%emt 0:02:24]} 18. Qc2 {[%emt 0:01:04]} Rae8 {[%emt 0:01:52]} 19. Rae1 {[%emt 0:04:42]} Kh8 {[%emt 0:00:51]} 20. b3 {[%emt 0:05:19]} a6 {[%emt 0:18:36]} 21. Kh1 {[%emt 0:06:24]} Bc8 {[%emt 0:04:53]} 22. d5 Re5 {[%emt 0:12:26]} 23. dxc6 {[%emt 0:08:16]} bxc6 {[%emt 0:00:44]} 24. Nd1 {[%emt 0:09:54]} Ne4 {[%emt 0:08:33]} 25. Bc1 {[%emt 0:02:03]} c5 {[%emt 0:04:38]} 26. Bb2 {[%emt 0:01:03]} Ree8 {[%emt 0:00:27]} 27. Nc3 {[%emt 0:02:54]} Nxc3 {[%emt 0:01:39]} 28. Bxc3 {[%emt 0:00:08]} Bb7 {[%emt 0:01:59]} 29. Bxg7+ {[%emt 0:02:55]} Qxg7 {[%emt 0:00:08]} 30. Bxb7 {[%emt 0:00:18]} Qxb7+ {[%emt 0:00:12]} 31. Qg2 {[%emt 0:00:04]} Qxg2+ {[%emt 0:03:29]} 1/2-1/2